Estatuto Orgánico (edición corregida año 2012) (Record no. 8319)

MARC details
000 -LEADER
campo de control de longitud fija 00378nam a2200133Ia 4500
001 - NÚMERO DE CONTROL
campo de control 2278
008 - DATOS DE LONGITUD FIJA--INFORMACIÓN GENERAL
campo de control de longitud fija 241024s9999 xx 000 0 und d
082 ## - NÚMERO DE LA CLASIFICACIÓN DECIMAL DEWEY
Número de clasificación RD/378/UN58e/2012
100 ## - ENTRADA PRINCIPAL--NOMBRE DE PERSONA
Nombre de persona Universidad Autónoma de Santo Domingo
245 #0 - MENCIÓN DEL TÍTULO
Título Estatuto Orgánico (edición corregida año 2012)
260 ## - PUBLICACIÓN, DISTRIBUCIÓN, ETC.
Nombre del editor, distribuidor, etc. Ed. Universitaria
Fecha de publicación, distribución, etc. 2012
901 ## - ELEMENTOS DE DATOS A LOCAL LDA (RLIN)
a 18/6/2012 10:18:57 a.m.

No items available.

© 2024. Todos los Derechos Reservados. Desarrollado por IDEICE